000 00581nam a2200193Ia 4500
008 140527s9999 xx 000 0 und d
020 _a9789814581134
050 _aHD 69.P75
_b.L334 2014
100 _aLarson, Erik W.
245 _aProject management :
_bthe managerial process /
_cErik W. Larson, Clifford F. Gray
250 _a5th ed.
260 _aNew York, NY :
_bMcGraw-Hill Education,
_cc2014.
300 _a671 p. :
_bill. ;
_c26 cm.
500 _aIncludes glossary and index.
521 _aBSBA
650 _aTime management.
942 _kFOR
_cBK
999 _c117425
_d117425